Piosenki Charli XCX A-Z - Statystyki

Ogólne statystyki
  • Ten quiz został rozwiązany 49 razy
  • Średni wynik to 9 z 22
Statystyki odpowiedzi
Letter Odpowiedź % Poprawnych
B B2b | Beg for You | Baby | Blame It On Your Love | Backseat | Blame it on U | Babygirl | Break the Rules | Breaking Up | Boom Clap | Body of My Own | Black Roses
75%
C Club classics | Crash | Constant Repeat | claws | c2.0 | Cross You Out | Click | Caught in the Middle | Cloud Aura
75%
# 360 | 365 | 7 years | 1999 | 2099 | 3AM (Pull Up)
71%
S Sympathy is a knife | So I | Spring breakers | Selfish Girl | Sorry If I Hurt You | Silver Cross | Shake It | Sucker | So over You | Stay Away | Set Me Free (Feel My Pain) | So Far Away
67%
G Girl, so confusing | Guess | Good Ones | Gone | Gold Coins | Grins
63%
A Apple | anthems
54%
T Talk talk | Twice | Thoughts | Tears | Track 10 | Take My Hand
54%
V Von dutch | visions
50%
Y Yuck | You (Ha Ha Ha) | You're the One
42%
R Rewind | Roll With Me | Red Balloon
38%
D detonate | Delicious | Dreamer | Drugs | Doing It | Die Tonight
33%
E Everything is romantic | Every Rule | enemy | Emotional
33%
M Mean girls | Move Me
33%
P pink diamond | party 4 u | Porsche
33%
I I might say something stupid | I think about it all the time | i finally understand | I Don't Wanna Know | I Got It | ILY2
29%
L Lightning | Lucky | Lipgloss | London Queen | Lock You Up
29%
F forever | February 2017 | Femmebot | Famous
21%
H Hello goodbye | How Can I Not Know What I Need Right Now | Hanging Around | How Can I
17%
N New Shapes | Next Level Charli | Need Ur Luv | Nuclear Seasons
17%
O Official | Out of my head
8%
U Used to Know Me | Unlock It (Lock It)
8%
W What You Think About Me | Warm | White Mercedes | White Roses | What I Like
8%
Nie znaleziono quizów pasujących do podanych kryteriów
Rozkład punktacji
Procent ludzi z każdym wynikiem
Percentyl według liczby udzielonych odpowiedzi
Twoja historia wyników
Nie rozwiązałeś tego quizu